书目信息 |
| 题名: |
算法设计与分析基础
|
|
| 作者: | 列维京, 著 ;潘彦 译 | |
| 分册: | ||
| 出版信息: | 北京 清华大学出版社 2004.06 |
|
| 页数: | XII, 388页 | |
| 开本: | 26cm | |
| 丛书名: | 国外经典教材 | |
| 单 册: | ||
| 中图分类: | TP301.6 | |
| 科图分类: | ||
| 主题词: | 算法设计--高等学校--教材 , 算法分析--高等学校--教材 | |
| 电子资源: | ||
| ISBN: | 7-302-08656-7 | |
| 000 | 01164nam 2200313 450 | |
| 001 | 0136871094 | |
| 005 | 20050905153309.34 | |
| 010 | @a7-302-08656-7@dCNY45.00 | |
| 100 | @a20041213d2004 km y0chiy0120 ea | |
| 101 | 1 | @achi@ceng |
| 102 | @aCN@b110000 | |
| 105 | @aa a 000yy | |
| 200 | 1 | @a算法设计与分析基础@Asuan fa she ji yu fen xi ji chu@f(美) Anany Levitin著@F(mei)Anany Levitin zhu@g潘彦译@Gpan yan yi |
| 210 | @a北京@c清华大学出版社@d2004.06 | |
| 215 | @aXII, 388页@c图@d26cm | |
| 225 | 2 | @a国外经典教材@e计算机科学与技术 |
| 312 | @a英文并列题名取自封面。 | |
| 314 | @a责任者规范汉译姓 : 列维京(Levitin) | |
| 320 | @a有书目 (第381-388页) 。 | |
| 330 | @a本书开发了一套对算法进行分类的新方法。使我们能以一种一致的方式涵盖许多经典的算法,而这在传统分类法中无法做到的。 | |
| 410 | 0 | @12001 @a国外经典教材 |
| 510 | 1 | @aIntroduction to design and analysis of algorithms@zeng |
| 606 | 0 | @a算法设计@x高等学校@x教材 |
| 606 | 0 | @a算法分析@x高等学校@x教材 |
| 690 | @aTP301.6@v4 | |
| 701 | 1 | @a列维京,@Alie wei jing,@bA.@g(Levitin, Anany)@4著 |
| 702 | 0 | @a潘彦@Apan yan@4译 |
| 801 | 0 | @aCN@bQSSK@c20050905 |
| 905 | @a10447@dTP301.6@eL477 | |
| 算法设计与分析基础/(美) Anany Levitin著/潘彦译.-北京:清华大学出版社,2004.06 |
| XII, 388页:图;26cm.-(国外经典教材:计算机科学与技术) |
| ISBN 7-302-08656-7:CNY45.00 |
| 本书开发了一套对算法进行分类的新方法。使我们能以一种一致的方式涵盖许多经典的算法,而这在传统分类法中无法做到的。 |
| ● |
| 相关链接 |
|
|
|
正题名:算法设计与分析基础
索取号:TP301.6/L477
 
预约/预借
| 序号 | 登录号 | 条形码 | 馆藏地/架位号 | 状态 | 备注 |
| 1 | 528090 | 205280907 | 自科库301/301自科库 45排5列5层/ [索取号:TP301.6/L477] | 在馆 | |
| 2 | 528091 | 205280916 | 自科二线404/404自科库 11排1列5层/ [索取号:TP301.6/L477] | 在馆 | |
| 3 | 528092 | 205280925 | 自科库301/301自科库 45排5列5层/ [索取号:TP301.6/L477] | 在馆 |